000 00243nam a22001097a 4500
008 180806b xxu||||| |||| 00| 0 eng d
082 _a813.52
245 _aWorld History
_cPearson
300 _a2
_fCD
440 _x0131333585
942 _2ddc
_cMX
999 _c46805
_d46805